Automotive Mechanical Technology (Record no. 32652)

000 -LEADER
fixed length control field 00398nam a22001697a 4500
003 - CONTROL NUMBER IDENTIFIER
control field NUST
020 ## - INTERNATIONAL STANDARD BOOK NUMBER
International Standard Book Number 978-0170211734
038 ## - RECORD CONTENT LICENSOR
Staff Name khadija
082 ## - DEWEY DECIMAL CLASSIFICATION NUMBER
Classification number 629.287
Author Mark AUT
100 ## - MAIN ENTRY--PERSONAL NAME
Personal name Bennett, Sean.
9 (RLIN) 68841
245 ## - TITLE STATEMENT
Title Automotive Mechanical Technology
260 ## - PUBLICATION, DISTRIBUTION, ETC.
Place of publication, distribution, etc. Australia:
Name of publisher, distributor, etc. Cengage learning,
Date of publication, distribution, etc. 2010.
300 ## - PHYSICAL DESCRIPTION
Extent 412 p. ;
Other physical details 26 cm
500 ## - GENERAL NOTE
General note Paperback.
563 ## - BINDING INFORMATION
Binding note PB
942 ## - ADDED ENTRY ELEMENTS (KOHA)
Koha item type Book
Source of classification or shelving scheme
Holdings
Withdrawn status Lost status Source of classification or shelving scheme Damaged status Not for loan Permanent Location Current Location Shelving location Date acquired Full call number Barcode Date last seen Price effective from Koha item type
          School of Mechanical & Manufacturing Engineering (SMME) School of Mechanical & Manufacturing Engineering (SMME) General Stacks 10/12/2015 629.287 AUT SMME-1457 03/29/2018 10/12/2015 Book
© 2023 Central Library, National University of Sciences and Technology. All Rights Reserved.